000 00523nam a22001817a 4500
003 OSt
005 20251216083907.0
008 251216b |||||||| |||| 00| 0 eng d
020 _a0-619-25904-3.
040 _aDWCL-Main lib
_cOC
082 _aGR. 303.34 C293f 2005
100 _aMarlene Caroselli
245 _aFifty 50 tips for effecting positive change
_cMarlene Caroselli
260 _aBoston :
_bCourse Technology
_cc2005.
300 _avi, 111 pages ;
_c25 cm.
650 _21. Leadership.
942 _2ddc
_cGR
_kGR.
_n0
999 _c7138
_d7138